000 00296nam a22001457a 4500
003 OSt
020 _a9780552161275
082 _a813.54
_bBRO/DA
100 _aBrown,dan
245 _aDa vinci code
250 _a1
260 _aLondon
_bCorgi books
_c2003
300 _a589p.
942 _2ddc
_cBK
999 _c190480
_d190480